Business Statistics (Record no. 93822)
[ view plain ]
| 000 -LEADER | |
|---|---|
| fixed length control field | 00433nam a2200157Ia 4500 |
| 008 - FIXED-LENGTH DATA ELEMENTS--GENERAL INFORMATION | |
| fixed length control field | 230125s9999 xx 000 0 und d |
| 020 ## - INTERNATIONAL STANDARD BOOK NUMBER | |
| International Standard Book Number | 978-93259-7617-7 |
| 041 ## - LANGUAGE CODE | |
| Language code of text/sound track or separate title | eng |
| 082 ## - DEWEY DECIMAL CLASSIFICATION NUMBER | |
| Classification number | 658.403 |
| Item number | SHA |
| 100 ## - MAIN ENTRY--PERSONAL NAME | |
| Personal name | Sharma J K |
| 9 (RLIN) | 108162 |
| 245 ## - TITLE STATEMENT | |
| Title | Business Statistics |
| Remainder of title | Problems and Solutions |
| 250 ## - EDITION STATEMENT | |
| Edition statement | Ed. 2nd |
| 260 ## - PUBLICATION, DISTRIBUTION, ETC. (IMPRINT) | |
| Date of publication, distribution, etc. | 2014 |
| Name of publisher, distributor, etc. | Pearson Education |
| Place of publication, distribution, etc. | Delhi |
| 300 ## - PHYSICAL DESCRIPTION | |
| Extent | 585p |
| 700 ## - ADDED ENTRY--PERSONAL NAME | |
| Personal name | Sharma J K & HNIMR Staff, Donor |
| 9 (RLIN) | 116167 |
| Withdrawn status | Lost status | Damaged status | Not for loan | Home library | Current library | Date acquired | Vendor | Cost, normal purchase price | Full call number | Barcode | Date last seen | Cost, replacement price | Bill Date | Koha item type | Original Barcode |
|---|---|---|---|---|---|---|---|---|---|---|---|---|---|---|---|
| Smt. Hiraben Nanavati Institute of Management & Research for Women | Smt. Hiraben Nanavati Institute of Management & Research for Women | 04/12/2015 | HNIMR Staff | 1.00 | 658.403 SHA DB2323 | HIMR-DB-2323 | 25/01/2023 | 1.00 | 25/01/2023 | Donated Book | DB2323 |